Statistics for Clothes in French

Click here to take the quiz!

General Stats

  • This quiz has been taken 46 times
    (35 since last reset)
  • The average score is 23 of 76

Answer Stats

Answer% Correct
Une chemise
92%
Un polo
75%
Un t-shirt
75%
Un chapeau
58%
Un chemisier
58%
Une jupe
58%
Un jean
58%
Une botte
50%
Une robe
50%
Un manteau
50%
Un pantalon
50%
Un pull
50%
Un pyjama
50%
Un sac
50%
Un sac à dos
50%
Les lunettes (f)
42%
Un béret
42%
Un costume
42%
Une chaussette
42%
Une chaussure
42%
Une cravate
42%
Une écharpe
42%
Un sac à main
42%
Un anorak / une parka
33%
Un bandana
33%
Un bikini
33%
Un bracelet
33%
Un collier
33%
Une basket
33%
Une boucle d'oreille
33%
Une casquette
33%
Une montre
33%
Une sandale
33%
Un imperméable
33%
Un maillot
33%
Un maillot de bain
33%
Un short
33%
Un bonnet
25%
Un cardigan
25%
Une ceinture
25%
Une veste
25%
Un gant
25%
Un gilet
25%
Un slip
25%
Un soutien-gorge
25%
Un survêtement
25%
Les collants (f)
17%
Les lunettes de soleil
17%
Un casque
17%
Un débardeur
17%
Une bague
17%
Une culotte
17%
Une mitaine
17%
Une sacoche
17%
Une tong
17%
Une veste de costume
17%
Une veste en cuir
17%
Un nœud papillon
17%
Un peignoir
17%
Un sweat à capuche
17%
Les bas (f)
8%
Les talons hauts (m)
8%
Un blouson aviateur
8%
Un caban
8%
Un châle
8%
Un chapeau haut de forme
8%
Un chausson
8%
Un duffle-coat
8%
Une cape
8%
Une queue-de-pie
8%
Une visière
8%
Un maillot de corps
8%
Un manteau de fourrure
8%
Un portefeuille
8%
Un trench-coat
8%
Une botte en caoutchouc
0%

Score Distribution

Percentile by Number Answered

Percent of People with Each Score

Your Score History

You have not taken this quiz since the last reset